000 00476nam a2200145Ia 4500
008 100204s9999 xx 000 0 und d
082 _b24378
100 _aकारखानिस शरदिनी
245 _aपलदाची फुले
260 _b"ग्रंथाली ज्ञानयज्ञ , मुंबई"
_c2000
300 _a72
630 _aपलदाची फुले
730 _aपलदाची फुले
942 _cBOOK
999 _c469559
_d469556